Statistics for Do You Really Know the TV Show Friends? Part 7

Click here to take the quiz!

General Stats

  • This quiz has been taken 254 times
    (250 since last reset)
  • The average score is 10 of 15

Answer Stats

QuestionAnswer% Correct
How many babies were born throughout the show?7
98%
What is Rachel wearing when she first appears on the show?Wedding dress
94%
How many sisters do the friends have collectively?11
91%
What animal does Ross dress up as for Christmas when they run out of Santas?Armadillo
89%
What is Rachel's middle name?Karen
88%
What is the last word said on the showWhere
84%
What religion do Ross and Monica belong to?Jewish
76%
How many states does Joey think there are in the USA?56
74%
Who bruises like peach?Ross
64%
How does Joey get killed off Days of Our Lives?Falls down an elevator shaft
56%
What is Joey's middle name?Francis
49%
What cookie brand's recipe does Phoebe and Monica realize is the same as Phoebe's grandmother's "best chocolate chip cookie" recipe?Nestle Tollhouse
49%
What sugar substitute was Monica and Ross's nana obsessed with?Sweet n Low
28%
What is Monica's signature drink?Scotch on the rocks with a twist
24%
Which actor's tuxedo does Chandler wear at his wedding?Diane Keaton
20%

Score Distribution

Percentile by Number Answered

Percent of People with Each Score

Your Score History

You have not taken this quiz since the last reset